000 00561cam a2200157 a 4500
001 000002573
005 20200929150221.0
008 940401s1928 ck 001 p spa
040 _aDO-SdBNP
_bspa
_cBNPHU
082 _a861.4208
_bA634p
245 0 0 _aAntología de la poesía centroamericana /
_cvarios.
260 _aBogotá, Colombia :
_bOrganización Continental de los Festivales de Libro,
_c[1928?-.
300 _av. 1 ;
_c18 cm.
650 4 _aPoesía hispanoamericana
_xColecciones
_9317
710 2 _aOrganización Continental de los Festivales de Libro.
_98102
999 _c2409
_d2409